| 000 | 00680nam a2200241Ia 4500 | ||
|---|---|---|---|
| 005 | 20231201111241.0 | ||
| 008 | 131103s9999 xx 000 0 und d | ||
| 020 | _a748618805 | ||
| 040 | _aLoreto College | ||
| 041 | _aEnglish | ||
| 082 |
_a302.23 _bHAY |
||
| 100 | _aHaynes, Richard | ||
| 245 |
_aMedia rights and intellectual property _cRichard Haynes |
||
| 260 |
_aEdinburgh _bEdinburgh University Press _c2005 |
||
| 300 | _avii,162p | ||
| 504 | _aIncludes bibliographical references and index | ||
| 630 | _aIntellectual Property | ||
| 630 | _aIntellectual Property Rights | ||
| 650 | _aMedia Rights | ||
| 651 | _aMedia Studies | ||
| 850 | _aLCLIB | ||
| 942 | _cBK | ||
| 999 |
_c17486 _d67965 |
||